| 000 | 00673cam a2200241 4500 | ||
|---|---|---|---|
| 008 | 090401t1988 xxu||||| |||| 00| 0 eng d | ||
| 020 | _a0291397468 | ||
| 035 | _a(Sirsi) u21310 | ||
| 041 | _aeng | ||
| 050 | _a690.241 | ||
| 100 | _aAshurst, John | ||
| 245 | _aPractical building conservation ...Volume 2: brick, terracotta and earth | ||
| 260 |
_aAldershot,Hants _bGower Technical Press _c1988 |
||
| 300 | _axiii,126p. : ill. ; 25cm. | ||
| 350 | _a14.95 | ||
| 490 | _aEnglish Heritage Technical Handbook | ||
| 650 | _aBRICKWORK | ||
| 650 | _aCONSERVATION | ||
| 650 | _aHISTORIC BUILDINGS | ||
| 700 | _aAshurst, Nicola | ||
| 942 | _n0 | ||
| 948 | _c04/03/1997 | ||
| 999 |
_c87951 _d87951 |
||